Proyecto de Código de minería
-д хадгалсан:
| Формат: | Ном |
|---|---|
| Хэл сонгох: | испани |
| Хэвлэсэн: |
Santiago
Imprenta de la República
1874
|
| Нөхцлүүд: | |
| Шошгууд: |
Шошго нэмэх
Шошго байхгүй, Энэхүү баримтыг шошголох эхний хүн болох!
|
MARC
| LEADER | 00000cam a2200000 a 4500 | ||
|---|---|---|---|
| 001 | UCF8838 | ||
| 003 | CL-VaPUC | ||
| 008 | 131011e18740000cl |||||||||||||||||spa|d | ||
| 082 | 0 | 4 | |a 343.077 |b PRO |2 21 |
| 245 | 1 | 0 | |a Proyecto de Código de minería |
| 300 | |a 66 p | ||
| 942 | |c BK | ||
| 945 | |d 20131011 10:45:00 |a cmena | ||
| 260 | |a Santiago |b Imprenta de la República |c 1874 | ||
| 650 | 0 | |a Derecho minero |9 257109 | |
| 650 | 0 | |a Jurisprudencia |9 255952 | |
| 650 | 7 | |a PROYECTOS DE LEY |2 CL-VaPUC |9 388710 | |
| 650 | 0 | |a Ordenamiento jurídico |9 355371 | |
| 650 | 0 | |a Código de minería |9 256729 | |
| 583 | |a last modification |c 20131014 11:18:07 |k Rodrigo Vera | ||
| 999 | |c 353369 |d 353367 | ||
| 952 | |0 0 |1 0 |2 ddc |3 erd |4 0 |5 1 |6 343_077000000000000_PRO_1874 |7 1 |8 C_LRYV |9 458522 |a FDOBRV |b BIBDER |d 2019-11-23 |i 5020107 |o 343.077 PRO 1874 |p 5020107 |r 2023-01-25 |w 2019-11-23 |y BK_X |z Catalogado en:20131011 |k BRV | ||